书目信息 |
| 题名: |
全新版新世纪走遍美国
|
|
| 作者: | 蒂贝里亚 , 珍妮 , 米歇尔 编著 | |
| 分册: | 会话练习2 | |
| 出版信息: | 北京 北京大学出版社 2008.11 |
|
| 页数: | 1册 | |
| 开本: | 26cm | |
| 丛书名: | ||
| 单 册: | ||
| 中图分类: | H319.9 | |
| 科图分类: | ||
| 主题词: | 英语--ying yu--听说教学--教材 | |
| 电子资源: | ||
| ISBN: | 978-7-301-14378-0 | |
| 000 | 01179nam0 2200277 450 | |
| 001 | 012009819218 | |
| 005 | 20091018165903.92 | |
| 010 | @a978-7-301-14378-0@dCNY33.00 (含光盘) | |
| 016 | @aCN-A20-08-0150-0@b光盘 | |
| 100 | @a20091018d2008 em y0chiy0120 ea | |
| 101 | 0 | @achi@aeng |
| 102 | @aCN@b110000 | |
| 105 | @ay z 000yy | |
| 106 | @ar | |
| 200 | 1 | @a全新版新世纪走遍美国@Aquan xin ban xin shi ji zou bian mei guo@h会话练习2@fPam Tiberia ... [等] 编著@FPam Tiberia...[deng]bian zhu |
| 210 | @a北京@c北京大学出版社@d2008.11 | |
| 215 | @a1册@d26cm@e光盘3片 | |
| 304 | @a题名页题 :Pam Tiberia, Janet Battiste, Michael Berman, Linda Butler编组 | |
| 330 | @a本书的中的活动旨在提高学生对视频剧集第13至24集中的话题和问题的理解。这12集接着讲述丽贝卡·凯西的故事。丽贝卡在旧金山开始了新生活。她在音乐学院学习,又找了份业余工作来支付学费。丽贝卡结识了许多人。 | |
| 606 | 0 | @a英语@Aying yu@x听说教学@j教材 |
| 690 | @aH319.9@v4 | |
| 701 | 1 | @a蒂贝里亚@Adi bei li ya@g(Tiberia, Pam)@4编著 |
| 701 | 1 | @a珍妮@Azhen ni@g(Janet, Battiste)@4编著 |
| 701 | 1 | @a米歇尔@Abo man@g(Michael, berman)@4编著 |
| 801 | 0 | @aCN@bQSSK@c20091018 |
| 905 | @b764221-25@dH319.9@eD456:2@f5 | |
| 全新版新世纪走遍美国.会话练习2/Pam Tiberia ... [等] 编著.-北京:北京大学出版社,2008.11 |
| 1册;26cm+光盘3片 |
| ISBN 978-7-301-14378-0:CNY33.00 (含光盘) |
| 本书的中的活动旨在提高学生对视频剧集第13至24集中的话题和问题的理解。这12集接着讲述丽贝卡·凯西的故事。丽贝卡在旧金山开始了新生活。她在音乐学院学习,又找了份业余工作来支付学费。丽贝卡结识了许多人。 |
| ● |
| 相关链接 |
|
|
|
正题名:全新版新世纪走遍美国
索取号:H319.9/D456:2
 
预约/预借
| 序号 | 登录号 | 条形码 | 馆藏地/架位号 | 状态 | 备注 |
| 1 | 764221 | 207642210 | 语言库209/209语言库 29排1列3层/ [索取号:H319.9/D456:2] | 在馆 | |
| 2 | 764222 | 207642229 | 语言库209/209语言库 29排1列3层/ [索取号:H319.9/D456:2] | 在馆 | |
| 3 | 764223 | 207642238 | 语言库209/209语言库 29排1列3层/ [索取号:H319.9/D456:2] | 在馆 | |
| 4 | 764224 | 207642247 | 语言库209/209语言库 29排1列3层/ [索取号:H319.9/D456:2] | 在馆 | |
| 5 | 764225 | 207642256 | 语言库209/209语言库 29排1列3层/ [索取号:H319.9/D456:2] | 在馆 |